Chilenos en río turbio
Sparad:
| Huvudupphovsman: | |
|---|---|
| Materialtyp: | Bok |
| Språk: | spanska |
| Publicerad: |
Santiago
Salesiana La Gratitud Nacional
1969
|
| Upplaga: | 1a. ed |
| Ämnen: | |
| Taggar: |
Lägg till en tagg
Inga taggar, Lägg till första taggen!
|
MARC
| LEADER | 00000cam a2200000 a 4500 | ||
|---|---|---|---|
| 001 | UCD5122 | ||
| 003 | CL-VaPUC | ||
| 008 | 160807e19690115cl |||||||||||||||||spa|d | ||
| 082 | 0 | 4 | |a Ch863 |b LOY |2 21 |
| 100 | |a Loyola A., Luis |e autor |9 588854 | ||
| 245 | 1 | 0 | |a Chilenos en río turbio |
| 250 | |a 1a. ed | ||
| 300 | |a 91 p | ||
| 942 | |c BK | ||
| 945 | |d 20160807 22:49:00 |a arojas | ||
| 260 | |a Santiago |b Salesiana La Gratitud Nacional |c 1969 | ||
| 650 | 0 | |a Escritores chilenos |9 420370 | |
| 650 | 0 | |a Yacimientos carboniferos |9 588855 | |
| 650 | 0 | |a Rios |9 261760 | |
| 650 | 0 | |a Fronteras |9 338773 | |
| 650 | 0 | |a Relatos chilenos |9 321121 | |
| 651 | 7 | |a CHILE |2 CL-VaPUC |9 588856 | |
| 651 | 0 | |a Argentina |9 254888 | |
| 583 | |a last modification |c 20160807 22:49:00 |k Rodrigo Vera | ||
| 999 | |c 365878 |d 365876 | ||
| 952 | |0 0 |1 0 |3 erb |4 0 |6 CH_863_000000000000000_LOY_1969 |7 0 |8 A |9 479849 |a BIBEDU |b BIBEDU |i 533618K |o Ch863 LOY 1969 |p 533618K |r 2019-11-24 |w 2019-11-24 |y BK |z Catalogado en:20160807 |k EPE | ||